Statistics for Cities in Spain - With Pictures

Click here to take the quiz!

General Stats

  • This quiz has been taken 78 times
  • The average score is 9 of 12

Answer Stats

Answer% Correct
Madrid
100%
Barcelona
99%
Bilbao
95%
Seville
92%
Valencia
92%
Málaga
78%
Zaragoza
74%
Toledo
71%
Córdoba
64%
Murcia
64%
Palma de Mallorca
53%
Valladolid
51%

Score Distribution

Percentile by Number Answered

Percent of People with Each Score

Your Score History

You have not taken this quiz